00431nam a2200181Ia 4500008004100000041001200041082001000053082001100063100001900074100001100093245003900104260001200143260001800155260000900173300001500182365002500197650002700222150909s9999 xx 000 0 und d aEnglish a589.3 bJOh/CO aJohansen H.W  eAuthor aCoralline algae, a first synthesis aFlorida bCRC Press Inc c1981 a239 Pages aUSD.84.95  aFossil coralline Algae